[Event "Lazy op-A 5th"]
[Site "Lazy"]
[Date "2009.06.26"]
[Round "7"]
[White "Skalik, Przemyslaw"]
[Black "Pugachov, Vladimir"]
[Result "1-0"]
[WhiteElo "2398"]
[BlackElo "2130"]
[PlyCount "55"]
[EventDate "2009.06.21"]
[EventType "swiss"]
[EventRounds "9"]
[EventCountry "POL"]
[SourceTitle "CBM 131 Extra"]
[Source "ChessBase"]
[SourceDate "2009.09.03"]
[SourceVersion "2"]
[SourceVersionDate "2009.09.16"]
[SourceQuality "1"]

1. d4 e6 2. Nf3 f5 3. c4 Nf6 4. Nc3 d5 5. Bf4 c6 6. e3 Be7 7. Qc2 Na6 8. a3 b6 9. cxd5 exd5 10. Ne5 Nb8 11. Bd3 g6 12. Ne2 Bb7 13. g4 Nxg4 14. Nxg4 fxg4 15. h3 gxh3 16. Be5 Rg8 17. Rxh3 Bh4 18. Kd2 Nd7 19. Rah1 Nxe5 20. dxe5 g5 21. Bxh7 Rg7 22. Nd4 Qe7 23. Bg6+ Kd7 24. Qf5+ Kc7 25. Ne6+ Kb8 26. Nxg7 Qxg7 27. Rf3 Bc8 28. Qf6 1-0

[Event "Lazy op-A 5th"]
[Site "Lazy"]
[Date "2009.06.25"]
[Round "4"]
[White "Grochowalski, Pawel"]
[Black "Skalik, Przemyslaw"]
[Result "1-0"]
[WhiteElo "2083"]
[BlackElo "2398"]
[PlyCount "99"]
[EventDate "2009.06.21"]
[EventType "swiss"]
[EventRounds "9"]
[EventCountry "POL"]
[SourceTitle "CBM 131 Extra"]
[Source "ChessBase"]
[SourceDate "2009.09.03"]
[SourceVersion "2"]
[SourceVersionDate "2009.09.16"]
[SourceQuality "1"]

1. d4 d5 2. Nf3 Nf6 3. c4 dxc4 4. e3 e6 5. Bxc4 a6 6. 0-0 Nbd7 7. Qe2 c5 8. Rd1 b5 9. Bb3 c4 10. Bc2 Bb7 11. e4 Be7 12. Bg5 0-0 13. Nbd2 h6 14. Bh4 Re8 15. e5 Nd5 16. Bxe7 Rxe7 17. Ne4 Nb4 18. Bb1 Bd5 19. a4 Nb6 20. a5 Na4 21. Ra3 Rc7 22. Ne1 Bxe4 23. Bxe4 c3 24. Bxa8 Qxa8 25. b3 Nb2 26. Rc1 Qd8 27. Qe3 Nd5 28. Qe4 b4 29. Raa1 Rb7 30. Nc2 Rb5 31. f4 g6 32. g4 Qc8 33. Rf1 Ne7 34. h4 Qc6 35. Qe3 Kg7 36. h5 Qd5 37. f5 exf5 38. g5 Qxb3 39. gxh6+ Kh7 40. Qg5 Qe6 41. Ne3 Nd3 42. Rad1 Nxe5 43. dxe5 Rxe5 44. Ng2 c2 45. Rde1 f6 46. hxg6+ Nxg6 47. Qd2 b3 48. Qc3 Kxh6 49. Re3 f4 50. Rh3+ 1-0